Sophocles I (Запис № 580657)

МАРК-запис
000 -Лідер
fixed length control field 00788 a2200229 4500
003 - Ідентифікатор контрольного номера
control field UA-OsUOA
005 - Дата та час останнього входження (трансакції)
control field 20260506154025.0
008 - Елементи даних фіксованої довжини – загальна інформація
fixed length control field 260506b un ||||| |||| 00| 0 ukr d
020 ## - Міжнародний стандартний книжковий номер (ISBN)
Міжнародний стандартний книжковий номер (ISBN) (НП) 671478125
040 ## - Джерело каталогізації
Агенція оригінальної каталогізації UA-OsUOA
Мова каталогізації eng
Агенція, яка здійснювала перезапис UA-OsUOA
Агенція, яка здійснювала модифікацію UA-OsUOA
041 ## - Код мови
Код мови тексту/ звукової доріжки чи окремого заголовка (П) eng
080 ## - Індекс Універсальної десяткової класифікації
Індекс Універсальної десяткової класифікації (УДК) (НП) 82-1
090 ## - Локальний шифр розміщення
Класифікаційний індекс УДК 82-1
Авторський знак (НП) S72
245 ## - Відомості про назву
Назва (НП) Sophocles I
Дані про відповідальність (НП) edited by David Grene and Richmond Lattimore ; with an inroduction by David Grene
Назва частини/ розділу роботи Oedipus the King ; Oedipus at Colonus ; Antigone
260 ## - Публікація, розповсюдження і т.п. (Вихідні дані)
Ім’я/ наймення видавництва, розповсюджувача і т.п. (П) Washington Square Press
Дата публікації, розповсюдження і т.п. (П) 1970
Місце публікації, розповсюдження і т.п. (П) New York
300 ## - Фізичний опис
Обсяг 212 p.
490 ## - Область серії
Назва серії The Complete Greek Tragedies
650 ## - Додаткове предметне введення – тематичний термін
Джерело заголовка чи терміна UDC
Тематичний термін чи географічна назва, як елемент введення (НП) 82-1 Поезія. Поеми. Вірші
9 (RLIN) 16367
942 ## - Додаткові елементи входу (Коха)
Тип елемента Koha Книги
Source of classification or shelving scheme Universal Decimal Classification
955 ## - Код типу видання за змістом
Код типу видання за змістом (НП) Літературно-художні видання
Фонди
Стан вилучень Стан втрат Джерело класифікації або схеми стелажів Стан уражень Не для кредиту Постійне місце розташування Поточне розміщення Дата придбання Джерело придбання Вартість, звичайна ціна покупки Інвентарний номер Усього замовленно Повний номер виклику Штрих-код Дата останнього перегляду Вартість, ціна заміни Ціна ефективна від Тип елемента Koha Примітка, призначена для загального доступу
    Universal Decimal Classification     Наукова бібліотека ІДУД Наукова бібліотека ІДУД 06/05/2026 №15/06.05.2026 (ІДУД) 1.00 300869   82-1 S72 300869 06/05/2026 1.00 06/05/2026 Книги Отримано в дар від Романа Єринюка